MLB Pitchers with the most MVP votes every year - Statistics

General Stats
  • This quiz has been taken 29 times
  • The average score is 51 of 149
Answer Stats
Year Player % Correct
1999 Randy Johnson
100%
1913 Walter Johnson
100%
1994 Greg Maddux
95%
2011 Justin Verlander
95%
1999 Pedro Martinez
95%
2014 Félix Hernández
91%
1984 Willie Hernández
91%
2013 Clayton Kershaw
86%
1996 John Smoltz
86%
1963 Sandy Koufax
86%
1969 Tom Seaver
86%
1968 Bob Gibson
82%
2008 CC Sabathia
82%
1996 Mariano Rivera
82%
1986 Roger Clemens
82%
2010 Roy Halladay
82%
1992 Tom Glavine
82%
2001 Curt Schilling
77%
2019 Gerrit Cole
77%
2024 Chris Sale
73%
2013 Max Scherzer
73%
1976 Randy Jones
73%
1959 Sam Jones
73%
2024 Tarik Skubal
73%
1985 Dwight Gooden
68%
1973 Jim Palmer
68%
1991 Lee Smith
68%
1988 Dennis Eckersley
64%
1981 Fernando Valenzuela
64%
2018 Jacob deGrom
64%
1975 Rollie Fingers
64%
1961 Whitey Ford
64%
2004 Johan Santana
59%
1972 Steve Carlton
59%
1938 Bill Lee
55%
Bob Feller
55%
1911 Christy Mathewson
55%
1968 Denny McLain
55%
1962 Don Drysdale
55%
1988 Orel Hershiser
55%
2018 Blake Snell
50%
2005 Chris Carpenter
50%
2003 Éric Gagné
50%
1971 Fergie Jenkins
50%
1979 Joe Niekro
50%
1931 Lefty Grove
50%
2020 Shane Bieber
50%
1949 Warren Spahn
50%
2017 Corey Kluber
45%
1934 Dizzy Dean
45%
1978 Gaylord Perry
45%
1970 Jim Perry
45%
1989 Mark Davis
45%
1952 Robin Roberts
45%
2022 Sandy Alcantara
45%
2002 Barry Zito
41%
1982 Bruce Sutter
41%
1956 Don Newcombe
41%
1944 Hal Newhouser
41%
2015 Jake Arrieta
41%
1964 Larry Jackson
41%
1980 Rich Gossage
41%
1978 Ron Guidry
41%
2020 Trevor Bauer
41%
1971 Vida Blue
41%
1993 Jack McDowell
36%
1932 Lefty Gomez
36%
1986 Mike Scott
36%
1998 Trevor Hoffman
36%
1933 Carl Hubbell
32%
1990 Doug Drabek
32%
2007 Jake Peavy
32%
1957 Jim Bunning
32%
1937 Red Ruffing
32%
1924 Dazzy Vance
27%
1959 Early Wynn
27%
1973 Mike Marshall
27%
1984 Rick Sutcliffe
27%
2021 (Tied) Robbie Ray
27%
1928 Waite Hoyt
27%
1958 Bob Turley
23%
2012 Craig Kimbrel
23%
2008 Francisco Rodríguez
23%
1993 Rod Beck
23%
1987 Steve Bedrosian
23%
1948 Bob Lemon
18%
1911 Ed Walsh
18%
1950 Jim Konstanty
18%
1948 Johnny Sain
18%
1967 Mike McCormick
18%
1914 Bill James
14%
1952 Bobby Shantz
14%
2015 Dallas Keuchel
14%
1964 Dean Chance
14%
1985 Donnie Moore
14%
1926 Herb Pennock
14%
1987 Jeff Reardon
14%
1947 Joe Page
14%
1979 Mike Flanagan
14%
1942 Mort Cooper
14%
2021 (Tied) Nathan Eovaldi
14%
1951 Sal Maglie
14%
1972 Sparky Lyle
14%
1927 Ted Lyons
14%
1929 (Tied) Tommy Thomas
14%
1975 Al Hrabosky
9%
1939 Bucky Walters
9%
1982 Dan Quisenberry
9%
1966 Jim Kaat
9%
1994 Jimmy Key
9%
1995 José Mesa
9%
1953 Virgil Trucks
9%
2016 Zack Britton
9%
1983 Al Holland
5%
1956 Billy Pierce
5%
1927 Charlie Root
5%
1960 Chuck Estrada
5%
1914 Dutch Leonard
5%
1965 Eddie Fisher
5%
1946 Howie Pollet
5%
1967 Joe Horlen
5%
1954 Johnny Antonelli
5%
2003 Keith Foulke
5%
1932 Lon Warneke
5%
2010 Rafael Soriano
5%
2000 (Tied) Robb Nen
5%
1912 Rube Marquard
5%
1943 Spud Chandler
5%
1925 Stan Coveleski
5%
1941 Whit Wyatt
5%
1976 Bill Campbell
0%
1944 Bill Voiselle
0%
1928 Burleigh Grimes
0%
1962 Dick Donovan
0%
1931 Ed Brandt
0%
1922 Eddie Rommel
0%
1947 Ewell Blackwell
0%
1923 George Uhle
0%
2007 J.J. Putz
0%
1961 Joey Jay
0%
1960 Lindy McDaniel
0%
1951 Ned Garver
0%
1997 Randy Myers
0%
1926 Ray Kremer
0%
1955 Ray Narleski
0%
1945 Red Barrett
0%
1942 Tiny Bonham
0%
1936 Vern Kennedy
0%
1929 (Tied) Wes Ferrell
0%
No matching quizzes found
Score Distribution
Percent of People with Each Score
Percentile by Number Answered
Your Score History
You have not taken this quiz